Tecnología educativa: educar para la sociocultura de la comunicación y del conocimiento / Bernard J. Poole (Registro nro. 1002)

Detalles MARC
000 -LEADER
fixed length control field 00612nam a22002171a 4500
001 - CONTROL NUMBER
control field 1002
003 - CONTROL NUMBER IDENTIFIER
control field OSt
005 - DATE AND TIME OF LATEST TRANSACTION
control field 20260204211717.0
008 - FIXED-LENGTH DATA ELEMENTS--GENERAL INFORMATION
fixed length control field 040115s1999||||sp ||||||b||||||||||spa||
020 ## - NUMERO DE LIBRO INTERNACIONAL NORMALIZADO
International Standard Book Number 8448124448
050 ## - LIBRARY OF CONGRESS CALL NUMBER
Classification number 370.113 P785t
082 ## - DEWEY DECIMAL CLASSIFICATION NUMBER
Classification number 370.113 P785t
100 ## - ASIENTO PRINCIPAL -- NOMBRE PERSONAL
Personal name Poole, Bernard J.
245 ## - TÍTULO PROPIAMENTE DICHO: SUBTÍTULO
Title Tecnología educativa: educar para la sociocultura de la comunicación y del conocimiento / Bernard J. Poole
250 ## - MENCIÓN DE EDICIÓN
Edition statement 2
264 ## - PRODUCTION, PUBLICATION, DISTRIBUTION, MANUFACTURE, AND COPYRIGHT NOTICE
Place of production, publication, distribution, manufacture España : McGraw-Hill
300 ## - PHYSICAL DESCRIPTION
Extensión 390 p.
500 ## - GENERAL NOTE
General note Incluye indice.
650 ## - ASIENTO SECUNDARIO DE MATERIA -- TERMINO TEMÁTICO
Termino Temático Como Elemento de Entrada 1.Educación-Cambio. 2.Tecnología EducativaÌ
942 ## - ADDED ENTRY ELEMENTS (KOHA)
Source of classification or shelving scheme Dewey Decimal Classification
Koha item type Libros
Existencias
Withdrawn status Lost status Source of classification or shelving scheme Damaged status Not for loan Current library Date acquired Total Checkouts Full call number Barcode Date last seen Price effective from Koha item type
    Dewey Decimal Classification     Biblioteca UTECO 09/09/2019   370.113 P785T 001404 09/09/2019 09/09/2019 Libros
    Dewey Decimal Classification     Biblioteca UTECO 09/09/2019   370.113 P785T 001405 09/09/2019 09/09/2019 Libros
    Dewey Decimal Classification     Biblioteca UTECO 09/09/2019   370.113 P785T 001406 09/09/2019 09/09/2019 Libros
© 2021 Derechos Reservados UTECO - Teléfono: +1 809-585-2291 - Correo electrónico: biblioteca@uteco.edu.do​  
Código postal 43000 ​​
Dirección: Avenida Universitaria No. 100, 
Cotuí, Provincia Sánchez Ramírez, República Dominicana - RNC: 404-00059-6